000 00421nam a22001697a 4500
005 20240506124905.0
008 160628b xxu||||| |||| 00| 0 eng d
020 _a81-259-1073-5
041 _aeng
082 _b10585
100 _aChaudhuri, Arindam
_92852
245 _aCount your Chickens before they hatch
260 _aNew Delhi
_bVikas Publishing House,
300 _a192
650 _aManagement
942 _cBK
999 _c4443
_d4442